01556cam a22003375a 4500999001700000001000900017005001700026008004100043010001700084020003900101020003600140035002300176035002000199040005900219082002300278100002800301245009700329250001200426260006100438300002700499504005100526520032600577650003700903650003900940651001000979653002200989655001701011700002801028942000801056952015401064 c27305d272761461567420190326103159.0061030s2007 enk frb 001 0 eng d a 2006036291 a9780765615732 (cloth : alk. paper) a0765615738 (cloth : alk. paper) a(OCoLC)ocm74965056 a(OCoLC)74965056 aDLCbengcDLCdBAKERdBTCTAdC#PdYDXCPdDLCdEG-ScBUE04a174.90704bFRI2221 aFriend, Cecilia,d1948-10aOnline journalism ethics :btraditions and transitions /cCecilia Friend and Jane B. Singer. a1st ed. aOxon ;aNew York :bRoutledge / Taylor & Francis,c2007. axxvi, 246 p. ;c24 cm. aIncludes bibliographical references and index. aOnline media present several ethical issues for journalists who must make decisions in an environment short on normative standards or guidelines. This book guides these journalists through ethical questions encountered only online. It includes real-life examples and perspectives from online journalists in every chapter. 7aOnline journalism.2BUEsh937766 7aJournalistic ethics.2BUEsh937793 2BUEsh bCOMAMEcMarch2019 vReading book1 aSinger, Jane B.,d1955- 2ddc 00102ddc40708BaccahaMAINbMAINcLOWd2019-03-26ePurchaseg1750.00l1m3o174.90704 FRIp000044479r2025-07-15 00:00:00s2021-11-10v2187.50yBB